000 00576nam a2200181Ia 4500
003 GCL
008 140319s9999 xx 000 0 ara d
040 _aGCL /
_cGCL
082 0 4 _a001.6
_bم ت
100 1 _aميشيل بورز
245 1 0 _aتطوير نظم معلومات الحاسب الالى : تحليل وتصميم /
_cميشيل بورز
700 1 _aابراهيم عبدالسلام عوض
260 _a[S.N] :
_bمعهد الادارة العامة ،
_c1988
300 _a863 ص
490 _a
650 0 4 _aنظم المعلومات
942 _2ddc
_cBK
999 _c46098
_d46098